000 00282nam a2200121 a 4500
008 100920s1964|||| d
245 1 0 _aTancovala jedno leto
100 1 _aOkström, Per Olof
260 _bSmena
_aBratislava
_c1964
020 _c15
044 _axo
_cSK
041 _aslo
999 _c10502
_d10502